000 005040000a22001810004500
003 MACL
005 20160313161732.0
008 160313b xxu||||| |||| 00| 0 eng d
040 _aMACL
_cMACL
041 _aHindi
082 _a891.433
100 _aमाचवे प्रभाकर
_937730
245 _aधूत
260 _bराजपाल एण्‍ड सन्‍ज
_c1976
_aनई दिल्‍ली
350 _a10
650 _aNovel
_945906
942 _cHIN
_k891.433
_2ddc
999 _c27313
_d27313